<?xml version="1.0" encoding="UTF-8"?>
<record
    xmlns:xsi="http://www.w3.org/2001/XMLSchema-instance"
    xsi:schemaLocation="http://www.loc.gov/MARC21/slim http://www.loc.gov/standards/marcxml/schema/MARC21slim.xsd"
    xmlns="http://www.loc.gov/MARC21/slim">

  <leader>01161nam a22002057a 4500</leader>
  <controlfield tag="003">LK-CoMWRAF</controlfield>
  <controlfield tag="005">20231220111519.0</controlfield>
  <controlfield tag="008">231220b        |||||||| |||| 00| 0 eng d</controlfield>
  <datafield tag="020" ind1=" " ind2=" ">
    <subfield code="a">9789556070576</subfield>
  </datafield>
  <datafield tag="040" ind1=" " ind2=" ">
    <subfield code="a">LK-CoMWRAF</subfield>
    <subfield code="d">LK-CoMWRAF</subfield>
    <subfield code="e">LK-CoMWRAF</subfield>
  </datafield>
  <datafield tag="041" ind1=" " ind2=" ">
    <subfield code="a">sin</subfield>
  </datafield>
  <datafield tag="082" ind1=" " ind2=" ">
    <subfield code="a">320</subfield>
    <subfield code="b">EDI</subfield>
  </datafield>
  <datafield tag="100" ind1=" " ind2=" ">
    <subfield code="a">&#xD91;&#xDAF;&#xDD2;&#xDBB;&#xDD2;&#xDC3;&#xDD2;&#xD82;&#xDC4;, &#xDBB;&#xDDC;&#xDC4;&#xDCF;&#xDB1;&#xDCA;  </subfield>
  </datafield>
  <datafield tag="110" ind1=" " ind2=" ">
    <subfield code="a">&#xDC0;&#xDD0;&#xDBD;&#xDD2;&#xD9A;&#xDBD;, &#xD85;&#xDC3;&#xD82;&#xD9C; </subfield>
  </datafield>
  <datafield tag="245" ind1=" " ind2=" ">
    <subfield code="a">&#xDC3;&#xDD2;&#xDC0;&#xDD2;&#xDBD;&#xDCA;, &#xDAF;&#xDDA;&#xDC1;&#xDB4;&#xDCF;&#xDBD;&#xDB1; &#xDC3;&#xDC4; &#xD9A;&#xDB8;&#xDCA;&#xD9A;&#xDBB;&#xDD4; &#xD85;&#xDBA;&#xDAD;&#xDD2;&#xDC0;&#xDCF;&#xDC3;&#xDD2;&#xD9A;&#xDB8;&#xDCA; &#xDB4;&#xDD2;&#xDC5;&#xDD2;&#xDB6;&#xDB3; &#xD85;&#xDB1;&#xDCA;&#xDAD;&#xDBB;&#xDCA; &#xDA2;&#xDCF;&#xDAD;&#xDD2;&#xD9A; &#xDC3;&#xDB8;&#xDCA;&#xDB8;&#xDD4;&#xDAD;&#xDD2; &#xDC1;&#xDCA;&#x200D;&#xDBB;&#xDD3; &#xDBD;&#xD82;&#xD9A;&#xDCF;&#xDC0;&#xDDA; &#xD9A;&#xDCA;&#x200D;&#xDBB;&#xDD2;&#xDBA;&#xDCF;&#xDC0;&#xDDA; &#xDBA;&#xDD9;&#xDAF;&#xDC0;&#xDD3;&#xDB8; &#xDB4;&#xDD2;&#xDC5;&#xDD2;&#xDB6;&#xDB3; &#xDC0;&#xDD2;&#xDC0;&#xDDA;&#xDA0;&#xDB1;&#xDCF;&#xDAD;&#xDCA;&#xDB8;&#xD9A; &#xD87;&#xD9C;&#xDBA;&#xDD3;&#xDB8;&#xD9A;&#xDCA;</subfield>
  </datafield>
  <datafield tag="246" ind1=" " ind2=" ">
    <subfield code="a">Civil, deshapalana saha kamkaru ayithiwasikam pilibanda antharjathika sammuthi Sri Lankawe yedaweema pilibanda wiwechanathmaka agayiimak</subfield>
  </datafield>
  <datafield tag="260" ind1=" " ind2=" ">
    <subfield code="a">&#xD9A;&#xDDC;&#xDC5;&#xDB9; : </subfield>
    <subfield code="b">&#xDC0;&#xDD2;&#xD9A;&#xDBD;&#xDCA;&#xDB4; &#xDB4;&#xDCA;&#x200D;&#xDBB;&#xDAD;&#xDD2;&#xDB4;&#xDAD;&#xDCA;&#xDAD;&#xDD2; &#xD9A;&#xDDA;&#xDB1;&#xDCA;&#xDAF;&#xDCA;&#x200D;&#xDBB;&#xDBA;</subfield>
    <subfield code="c">2009</subfield>
  </datafield>
  <datafield tag="650" ind1=" " ind2=" ">
    <subfield code="a">&#xDC3;&#xDD2;&#xDC0;&#xDD2;&#xDBD;&#xDCA;, &#xDAF;&#xDDA;&#xDC1;&#xDB4;&#xDCF;&#xDBD;&#xDB1; &#xDC3;&#xDC4; &#xD9A;&#xDB8;&#xDCA;&#xD9A;&#xDBB;&#xDD4; &#xD85;&#xDBA;&#xDAD;&#xDD2;&#xDC0;&#xDCF;&#xDC3;&#xDD2;&#xD9A;&#xDB8;&#xDCA;</subfield>
  </datafield>
  <datafield tag="942" ind1=" " ind2=" ">
    <subfield code="c">BK</subfield>
  </datafield>
  <datafield tag="952" ind1=" " ind2=" ">
    <subfield code="0">0</subfield>
    <subfield code="1">0</subfield>
    <subfield code="4">0</subfield>
    <subfield code="7">0</subfield>
    <subfield code="a">MAIN</subfield>
    <subfield code="b">MAIN</subfield>
    <subfield code="d">2023-12-20</subfield>
    <subfield code="l">0</subfield>
    <subfield code="o">320 EDI</subfield>
    <subfield code="p">RAF1860</subfield>
    <subfield code="r">2023-12-20</subfield>
    <subfield code="w">2023-12-20</subfield>
    <subfield code="y">BK</subfield>
  </datafield>
  <datafield tag="999" ind1=" " ind2=" ">
    <subfield code="c">4536</subfield>
    <subfield code="d">4536</subfield>
  </datafield>
</record>
